Cyklotrónové centrum

Z obsahu: Cyklotrónové centrum je na Slovensku jednou z najväčších investícií posledných rokov. O význame cyklotrónov v medicíne nikto nepochybuje. PET centrum už územné rozhodnutie má, súhlas hlavného hygienika k stavebnému povoleniu zatiaľ chýba. Nesúhlas obyvateľov Karlovej Vsi vyvolalo aj netran...

Full description

Saved in:
Bibliographic Details
Main Author: Začková, Katarína
Format: Book Chapter
Language:Slovak
Subjects:
Tags: Add Tag
No Tags, Be the first to tag this record!

MARC

LEADER 00000naa a2200000 4500
001 r044061
005 20230921113227.0
041 0 |a slo 
044 |a SK 
245 1 0 |a Cyklotrónové centrum  |c Katarína Začková 
520 |a Z obsahu: Cyklotrónové centrum je na Slovensku jednou z najväčších investícií posledných rokov. O význame cyklotrónov v medicíne nikto nepochybuje. PET centrum už územné rozhodnutie má, súhlas hlavného hygienika k stavebnému povoleniu zatiaľ chýba. Nesúhlas obyvateľov Karlovej Vsi vyvolalo aj netransparentné prezentovanie projektu. 
610 2 0 |a medicína 
610 2 0 |a prístroje 
610 2 0 |a zariadenia zdravotnícke 
610 2 0 |a projekty 
610 2 0 |a Slovensko 
610 2 0 |a svet 
100 1 |a Začková, Katarína